9-Letter Geography Chain - Statistics

General Stats
  • This quiz has been taken 316 times
  • The average score is 13 of 20
Answer Stats
Hint Answer % Correct
The kangaroo is one of its national animals Australia
97%
South American country Argentina
96%
Capital of Sweden Stockholm
96%
Capital of Catalonia Barcelona
91%
Former name of St Petersburg Leningrad
90%
Capital of Scotland Edinburgh
89%
Dutch language spoken in South Africa Afrikaans
86%
Large Mesopotamian river Euphrates
81%
Large ape living exclusively on Borneo and Sumatra Orangutan
79%
Elvis Presley's residence Graceland
72%
City where Nazi war criminals were held on trial Nuremberg
70%
Part of China invaded by Japan in 1937 Manchuria
67%
Micronation that has the second largest port in the world Singapore
66%
Capital of Iowa Des Moines
65%
Korean martial art Taekwondo
61%
Island in Massachusetts that was formerly a whaling center Nantucket
47%
State to the south of Castilla-La Mancha Andalusia
46%
Site of British evacuation from France in 1940 (French spelling) Dunkerque
18%
Festival where people run with the bulls San Fermin
8%
______Pradesh, Indian state bordering Bhutan and Bangladesh Arunachal
7%
No matching quizzes found
Score Distribution
Percent of People with Each Score
Percentile by Number Answered
Your Score History
You have not taken this quiz